| 000 | 00459nam a22001337a 4500 | ||
|---|---|---|---|
| 008 | 160115b xxu||||| |||| 00| 0 eng d | ||
| 020 | _a9780554001586 | ||
| 082 |
_2[2008] _aDK12 810.76 _bEl38 |
||
| 245 |
_aElements of literature : _bfifth course : differentiating instruction |
||
| 260 |
_aAustin : _bHolt, Rinehart and Winston, _c[c2008]. |
||
| 300 |
_alxvi, 414 pages : _c28 cm. |
||
| 650 | 0 |
_91864 _aEnglish literature _xproblems, exercises etc. |
|
| 942 |
_2ddc _cDC |
||
| 999 |
_c908 _d908 |
||